Pokemon Original Theme Song Lyrics - Statistics

General Stats
  • This quiz has been taken 1,365 times
  • The average score is 87 of 100
Answer Stats
Lyrics % Correct
I
99%
the
99%
a
98%
be
98%
best,
98%
best
98%
catch
98%
very
98%
pokemon
97%
POKEMON!
97%
ever
96%
my
96%
To
96%
to
96%
No
95%
one
95%
Them
95%
them
95%
wanna
95%
was,
95%
all
94%
all,
94%
all!
94%
is
94%
and
92%
Gotta
92%
train
92%
em'
90%
test.
90%
you
89%
You
89%
like
88%
real
88%
will
88%
cause...
87%
me)
87%
me
87%
travel
87%
across
85%
far
85%
land,
85%
in
84%
searching
84%
wide,
84%
(it's
82%
it's
82%
destiny!
81%
friend,
80%
know
79%
world
79%
we
78%
inside...
77%
power
77%
that's
77%
understand
77%
teach
76%
i'll
74%
must
74%
you're
74%
defend.
73%
Oh,
70%
true)
64%
so
63%
(our
60%
Our
60%
through.
59%
us
59%
courage
58%
pull
57%
each
53%
hearts
45%
No matching quizzes found
Score Distribution
Percent of People with Each Score
Percentile by Number Answered
Your Score History
You have not taken this quiz